Loading...
| History - European | 0 | 3 | 0 | 0 | 30 | 50 | 65.33 | 0 | 0 | 10.29 | 13.03 |
| Fine Arts - Classical Music | 0 | 3 | 0 | 1 | 30 | 65 | 87.00 | 0 | 0 | 6.45 | 15.91 |
| Literature - European | 0 | 2 | 0 | 0 | 20 | 64 | 65.00 | 0 | 1 | 8.28 | 11.62 |
| History - American | 0 | 2 | 0 | 0 | 20 | 29 | 44.50 | 1 | 1 | 10.59 | 15.45 |
| History - Other | 0 | 2 | 0 | 1 | 20 | 69 | 90.00 | 0 | 1 | 3.68 | 8.33 |
| Religion | 0 | 2 | 0 | 1 | 20 | 42 | 73.00 | 1 | 1 | 6.61 | 14.39 |
| Literature - British | 0 | 2 | 0 | 0 | 20 | 76 | 82.50 | 0 | 1 | 5.59 | 10.86 |
| Mythology | 0 | 2 | 1 | 0 | 15 | 49 | 62.00 | 1 | 1 | 8.31 | 12.12 |
| Social Science | 0 | 1 | 0 | 0 | 10 | 71 | 71.00 | 0 | 1 | 5.31 | 7.94 |
| Fine Arts - Painting and Sculpture | 0 | 1 | 0 | 0 | 10 | 67 | 67.00 | 0 | 0 | 3.89 | 5.30 |
| Geography | 0 | 1 | 0 | 0 | 10 | 66 | 66.00 | 0 | 0 | 6.36 | 10.71 |
| Literature - World | 0 | 1 | 0 | 0 | 10 | 93 | 93.00 | 0 | 0 | 1.74 | 5.45 |
| Science - Chemistry | 0 | 1 | 0 | 0 | 10 | 31 | 31.00 | 0 | 1 | 6.70 | 7.58 |
| Science - Other | 0 | 1 | 0 | 0 | 10 | 72 | 72.00 | 0 | 0 | 4.21 | 6.36 |
| Current Events | 0 | 1 | 0 | 0 | 10 | 105 | 105.00 | 0 | 1 | 0.73 | 14.00 |
| Philosophy | 0 | 1 | 0 | 0 | 10 | 48 | 48.00 | 0 | 1 | 6.84 | 9.72 |
| Popular Culture | 0 | 1 | 0 | 0 | 10 | 71 | 71.00 | 0 | 0 | 5.91 | 4.17 |
| Science - Biology | 0 | 1 | 0 | 0 | 10 | 104 | 104.00 | 0 | 0 | 0.00 | 2.02 |
| Literature - American | 0 | 1 | 1 | 0 | 5 | 68 | 68.00 | 0 | 0 | 3.76 | 6.82 |
| Science - Physics | 0 | 1 | 2 | 0 | 0 | 43 | 43.00 | 1 | 1 | 5.63 | 8.18 |
| History - World | 0 | 0 | 1 | 0 | -5 | 0.00 | 0 | 0 | 0.00 | 0.00 |